000 00966nam a2200289 a 4500
001 000011672
003 DO-SdBNP
005 20250621074005.0
007 ta
008 091013s1969 dr 000 0 spa d
040 _aDO-SdBNP
_bspa
_cBNPHU
_erda
082 4 _a342.729307
_bR426L, 1969
_222
110 1 _aRepública Dominicana.
_b Junta Central Electoral
_964605
240 1 0 _a[Leyes, etc.]
245 1 0 _aLey electoral.
264 1 _aSanto Domingo :
_bJunta Central Electoral,
_c1969.
300 _a129 páginas
_c22 cm.
336 _2rdacontent
_atexto
_btxt
337 _2rdamedia
_asin mediación
_bn
338 _2rdacarrier
_avolumen
_bnc
590 _aInventariado, 2018/ YL
650 4 _aElecciones
_xLegislación
_zRepública Dominicana
_9412
650 4 _aSufragio
_xLegislación
_zRepública Dominicana
_927666
651 0 _aRepública Dominicana
_xPolítica y gobierno
_945
910 _aYLockward/ Validado. Control de calidad MFF
942 _2ddc
_cLBS1
999 _c11359
_d11359